Language Quiz

Random Language Quiz
Score 0/34 Timer 03:00
0 Plays Today
Lamb % Correct
Bam
96.5%
Dam
96.5%
Ham
95.7%
Cram
93.7%
Cam
92.8%
Jam
91.9%
Am
91.4%
Ram
91.4%
Clam
89%
Lam
89%
Tam
89%
Slam
88.8%
Tram
88.5%
Gram
88.2%
Sham
87.8%
Sam
86.6%
Spam
85.7%
Lamb % Correct
Pam
85.1%
Dram
85%
Fam
84.4%
Scam
84.4%
Wham
84.1%
Glam
82.1%
Pram
82.1%
Blam
81.8%
Damn
81.8%
Flam
80.9%
Yam
80.7%
Mam
79.5%
Cham
78.4%
Scram
69.2%
Swam
65.9%
Ma'am
51.9%
Jamb
46%
Remove Ads.
Support Sporcle.
Get the best of Sporcle when you Go Orange. This ad-free experience offers more features, more stats, and more fun while also helping to support Sporcle. Thank you for becoming a member.

You're not logged in!

Compare scores with friends on all Sporcle quizzes.
OR
Log In

Show Comments

Extras

Created Dec 24, 2014ReportNominate
Tags:lamb, Rhyme, Roblox

Top Quizzes Today


Score Distribution

Your Account Isn't Verified!

In order to create a playlist on Sporcle, you need to verify the email address you used during registration. Go to your Sporcle Settings to finish the process.

Report this User

Report this user for behavior that violates our Community Guidelines.

Details: